| 000 | 00904nam2a2200265 4500 | ||
|---|---|---|---|
| 001 | RU\NLR\BIBL_A\022415589 | ||
| 005 | 20250128194045.0 | ||
| 010 |
_a978-5-295-08070-8 _99000 |
||
| 021 |
_aRU _bКН-П-24-045677 _9КН-П-24-4545 |
||
| 035 | _a(NLR Aleph) 022415589 | ||
| 090 |
_a13336790 _c13336790 |
||
| 100 | _a20241218d2024 m y0rusy50 ca | ||
| 101 | 0 |
_abak _aara |
|
| 102 | _aRU | ||
| 105 | _ay z 000 y | ||
| 181 | 0 |
_ai _baxxe |
|
| 182 | 0 | _an | |
| 200 | 0 | _a2025 | |
| 203 |
_aТекст _bвизуальный _cнепосредственный |
||
| 210 | _d2024 | ||
| 215 | _a381 б. | ||
| 461 | 0 |
_1001RU\NLR\ONL2\1642 _12001#$aБашҡортса дини календарь$f[төҙ. С.Суҡбаев h. б.]$v2025 _910268232 _cӨфө _d1999 - _f[төҙ. С.Суҡбаев h. б.] _nКитап _tБашҡортса дини календарь _v2025 |
|
| 942 | _cBOOK | ||
| 980 | _aNB | ||